书目信息 |
| 题名: |
《本草纲目》中的美容养颜秘方
|
|
| 作者: | ;健康大讲堂编委会 主编 | |
| 分册: | ||
| 出版信息: | 哈尔滨 黑龙江科学技术出版社 2013.07 |
|
| 页数: | 160页 | |
| 开本: | 25cm | |
| 丛书名: | 健康大讲堂 | |
| 单 册: | ||
| 中图分类: | R281.3 , TS974.1 | |
| 科图分类: | ||
| 主题词: | 美容 | |
| 电子资源: | ||
| ISBN: | 978-7-5388-7449-5 | |
| 000 | 01059oam2 2200301 450 | |
| 001 | 012013084442 | |
| 005 | 20140611150545.29 | |
| 010 | @a978-7-5388-7449-5@dCNY19.90 | |
| 100 | @a20130531d2013 em y0chiy0110 ea | |
| 101 | 0 | @achi |
| 102 | @aCN@b230000 | |
| 105 | @aa z 000yy | |
| 106 | @ar | |
| 200 | 1 | @a《本草纲目》中的美容养颜秘方@9《ben cao gang mu 》zhong de mei rong yang yan mi fang@f《健康大讲堂》编委会主编 |
| 210 | @a哈尔滨@c黑龙江科学技术出版社@d2013.07 | |
| 215 | @a160页@c图@d25cm | |
| 225 | 2 | @a健康大讲堂 |
| 330 | @a本书集中医传统养颜美容智慧之大成,全面解读《本草纲目》中的女人养颜经,是一部专属于女人的养生、养心、养颜的秘籍。书中全面解析54种养颜中药材与56种养颜食物养颜功效等。 | |
| 333 | @a女性读者 | |
| 461 | 0 | @12001 @a健康大讲堂 |
| 605 | 0 | @a《本草纲目》@x美容@x基本知识 |
| 605 | 0 | @a《本草纲目》 |
| 606 | 0 | @a美容 |
| 690 | @aR281.3@v5 | |
| 690 | @aTS974.1@v5 | |
| 711 | 02 | @a健康大讲堂编委会@9jian kang da jiang tang bian wei hui@4主编 |
| 801 | 0 | @aCN@b人天书店@c20130531 |
| 905 | @b845577-80@dR281.3@e318@f4 | |
| 《本草纲目》中的美容养颜秘方/《健康大讲堂》编委会主编.-哈尔滨:黑龙江科学技术出版社,2013.07 |
| 160页:图;25cm.-(健康大讲堂) |
| 使用对象:女性读者 |
| ISBN 978-7-5388-7449-5:CNY19.90 |
| 本书集中医传统养颜美容智慧之大成,全面解读《本草纲目》中的女人养颜经,是一部专属于女人的养生、养心、养颜的秘籍。书中全面解析54种养颜中药材与56种养颜食物养颜功效等。 |
| ● |
| 相关链接 |
|
|
|
|
正题名:《本草纲目》中的美容养颜秘方
索取号:R281.3/318
 
预约/预借
| 序号 | 登录号 | 条形码 | 馆藏地/架位号 | 状态 | 备注 |
| 1 | 845577 | 208455777 | 第二样本阅览室/ [索取号:R281.3/318] | 在馆 | |
| 2 | 845578 | 208455786 | 第三借阅区/ [索取号:R281.3/318] | 在馆 | |
| 3 | 845579 | 208455795 | 第三借阅区/ [索取号:R281.3/318] | 在馆 | |
| 4 | 845580 | 208455802 | 第三借阅区/ [索取号:R281.3/318] | 在馆 |